Estrategias de negociación efectivas con socios extranjeros diplomová práca

Gespeichert in:
Bibliographische Detailangaben
1. Verfasser: Horská, Dominika
Körperschaft: Fakulta aplikovaných jazykov EU v Bratislave. Katedra románskych a slovanských jazykov
Weitere Verfasser: Paľková, Jana
Format: Buch
Sprache:Spanisch
Veröffentlicht: Bratislava 2017
Tags: Tag hinzufügen
Keine Tags, Fügen Sie das erste Tag hinzu!

MARC

LEADER 00000nbm a2200000 4500
001 0231412
005 20180213095952.8
041 0 |a spa 
044 |a SK 
245 1 0 |a Estrategias de negociación efectivas con socios extranjeros  |b diplomová práca  |c Dominika Horská ; školiteľ: Jana Paľková 
264 1 |a Bratislava  |c 2017 
300 |a 63 s. 
100 1 |a Horská, Dominika 
700 1 |a Paľková, Jana 
710 2 |a Fakulta aplikovaných jazykov EU v Bratislave. Katedra románskych a slovanských jazykov